Turkish national team top scorer - Statistics

General Stats
  • This quiz has been taken 10 times
  • The average score is 5 of 11
Answer Stats
Hint Answer % Correct
1 (51 gol) Hakan Şükür
100%
2 (31 gol) Burak Yılmaz
89%
7 (19 gol) Metin Otkay
67%
5 (21 gol) Cenk Tosun
56%
4 (21 gol) Lefter Küçükandonyadis
56%
10 (same gol) Arda Turan
44%
9 (19 gol) Nihat Kahveci
44%
3 (22 gol) Tuncay Şanlı
33%
8 (19 gol) Cemil Turan
11%
10 (19 gol) Cengiz Ünder
11%
6 (21 gol) Hakan Çalanoğlu
0%
No matching quizzes found
Score Distribution
Percent of People with Each Score
Percentile by Number Answered
Your Score History
You have not taken this quiz